Famous Bears Quiz Stats

 Plays Quiz not verified by Sporcle

Challenge
Share
Tweet
Score 0/21 Timer 10:00
0 Plays Today
% Correct
Friend of Christopher Robin
83.2%
Picnic basket stealing bear
73.8%
Goldilocks invaded their house
72.9%
'Only you can prevent forest fires'
68.2%
Picnic basket stealing bear's sidekick
67.3%
Muppet's joker
66.4%
Bare necessities
60.7%
Robin Hood's partner
59.8%
They have magical powers
57.9%
Had no hair
57%
Br'er Fox's slow-minded partner
55.1%
% Correct
Chewy treat
49.5%
'Please take care of this bear. Thank you.'
48.6%
Greedy bear from Spyro the Dragon series
44.4%
Stewie Griffin's stuffed teddy bear
43.9%
Wears overalls with material of same name
42.1%
They live in a tree
37.4%
Garfield's stuffed teddy bear
36.4%
Fountain drink mascot
35.5%
Child bear in 'Brother Bear'
34.6%
Main bear in 'Brother Bear'
31.8%

You're not logged in!

Compare scores with friends on all Sporcle quizzes.
Join for Free
OR
Log In

You Might Also Like...

Show Comments

Extras

Top Quizzes Today


Score Distribution

Your Account Isn't Verified!

In order to create a playlist on Sporcle, you need to verify the email address you used during registration. Go to your Sporcle Settings to finish the process.

Report this User

Report this user for behavior that violates our Community Guidelines.

Details: